| 000 | 00912nam a2200289 u 4500 | ||
|---|---|---|---|
| 001 | 000034779 | ||
| 005 | 20200120222228.0 | ||
| 008 | 091120s2007 sp er 000 p spa d | ||
| 020 | _a9788496822092 | ||
| 041 | 0 | _a-spa | |
| 090 |
_aAP _bMIO |
||
| 245 | 0 | 1 |
_a¡Mio cid! / _cAntonio Orejudo, Luisgé Martín, Rafael Reig. |
| 250 | _a1a. ed. | ||
| 260 |
_aMadrid : _b451 Editores, _c2007. |
||
| 300 | _a108 p. | ||
| 490 | 0 |
_a451.Re: _v1 |
|
| 505 | 0 |
_tEl destierro / _rAntonio Orejudo |
|
| 505 | 0 |
_tLas bodas de las hijas del Cid / _rLuigé Martín |
|
| 505 | 0 |
_tLa afrenta de Corpes / _rRafael Reig |
|
| 600 | 0 | 4 |
_aCid _dca. 1043-1099 _xCrítica e interpretación |
| 630 | 0 | 4 |
_aCantar de Mio Cid _xCrítica e interpretación |
| 650 | 1 | 4 | _aPoesía épica |
| 650 | 2 | 4 | _aLiteratura española |
| 700 | 1 |
_aOrejudo Utrilla, Antonio _d1963- |
|
| 700 | 1 |
_aMartín, Luis G. _d1962- |
|
| 700 | 1 |
_aReig, Rafael _d1963- |
|
| 999 |
_c1976 _d1976 |
||